000 00496nam a2200181Ia 4500
003 GCL
008 140319s9999 xx 000 0 ara d
040 _aGCL /
_cGCL
082 0 4 _a813.03
_bم ا
100 1 _aمجيد طوبيا
245 1 0 _aابناء الصمت /
_cمجيد طوبيا
300 _a150 ص
490 _aمطبوعات الجديد
_v0
650 0 4 _aالادب العربى
650 0 4 _aالعصر الحديث
650 0 4 _aالقصص العربية
942 _2ddc
_cBK
999 _c40993
_d40993